[Event "Florianopolis op 9th"]
[Site "Florianopolis"]
[Date "2023.01.23"]
[Round "1"]
[White "Ferreira, Thales Bond Dias"]
[Black "De Souza, Carlos Alberto"]
[Result "1-0"]
[WhiteElo "2085"]
[BlackElo "1474"]
[PlyCount "57"]
[EventDate "2023.01.23"]
[EventType "swiss"]
[EventRounds "10"]
[EventCountry "BRA"]
[SourceTitle "CBM 212 Extra"]
[Source "ChessBase"]
[SourceDate "2023.03.31"]
[SourceVersion "1"]
[SourceVersionDate "2023.03.31"]
[SourceQuality "1"]

1. c4 c5 2. Nc3 e5 3. g3 g6 4. Bg2 Bg7 5. d3 d6 6. Nf3 Nf6 7. 0-0 0-0 8. Ne1 Nc6 9. Nc2 Be6 10. Ne3 Qd7 11. Re1 Rab8 12. Ned5 Bxd5 13. Nxd5 Nxd5 14. Bxd5 Ne7 15. Bg2 b5 16. Rb1 b4 17. b3 a5 18. Bb2 Rb6 19. e3 Ra6 20. d4 Qe6 21. Qd2 d5 22. cxd5 Nxd5 23. dxc5 Ne7 24. Rbc1 Nc6 25. Red1 Rd8 26. Qxd8+ Nxd8 27. Rxd8+ Bf8 28. Bb7 Ra7 29. c6 1-0

[Event "Florianopolis op 6th"]
[Site "Florianopolis"]
[Date "2020.01.26"]
[Round "10"]
[White "Borba da Rosa, Rodrigo"]
[Black "De Souza, Carlos Alberto"]
[Result "0-1"]
[WhiteElo "1294"]
[BlackElo "1485"]
[PlyCount "78"]
[EventDate "2020.01.20"]
[EventType "swiss"]
[EventRounds "10"]
[EventCountry "BRA"]
[SourceTitle "CBM 194 Extra"]
[Source "ChessBase"]
[SourceDate "2020.03.31"]
[SourceVersion "1"]
[SourceVersionDate "2020.03.31"]
[SourceQuality "1"]

1. e4 c5 2. Nf3 Nc6 3. d4 cxd4 4. Nxd4 d6 5. Nc3 a6 6. Be3 Nf6 7. Be2 g6 8. h3 Bg7 9. Qd2 0-0 10. Bf3 Ne5 11. Be2 Bd7 12. Bh6 Re8 13. Bxg7 Kxg7 14. 0-0 Rc8 15. a4 Qa5 16. f3 Nc4 17. Bxc4 Rxc4 18. Qd3 Qc5 19. Kh1 Qxd4 20. Qxd4 Rxd4 21. Kg1 Rc8 22. Rfc1 Rcc4 23. Nd1 Rxa4 24. Rxa4 Rxa4 25. c4 Rb4 26. Kf1 Nh5 27. Kf2 Nf4 28. Ke3 Nxg2+ 29. Kd4 Rb3 30. Nc3 Bc6 31. c5 Rb4+ 32. Kd3 Nf4+ 33. Ke3 Nxh3 34. cxd6 exd6 35. f4 Rxb2 36. e5 dxe5 37. fxe5 Ng5 38. Kd4 Ne6+ 39. Kc4 h5 0-1

[Event "Florianopolis op 6th"]
[Site "Florianopolis"]
[Date "2020.01.23"]
[Round "5"]
[White "De Souza, Carlos Alberto"]
[Black "Melo, Sergio Roberto Samp"]
[Result "0-1"]
[WhiteElo "1485"]
[BlackElo "1724"]
[PlyCount "150"]
[EventDate "2020.01.20"]
[EventType "swiss"]
[EventRounds "10"]
[EventCountry "BRA"]
[SourceTitle "CBM 194 Extra"]
[Source "ChessBase"]
[SourceDate "2020.03.31"]
[SourceVersion "1"]
[SourceVersionDate "2020.03.31"]
[SourceQuality "1"]

1. e4 e6 2. Nf3 d5 3. exd5 exd5 4. d4 Bd6 5. Nc3 Ne7 6. Be2 Nbc6 7. Be3 a6 8. Qd2 Bf5 9. a3 Qd7 10. Bd3 f6 11. Nh4 Bxd3 12. Qxd3 Qg4 13. g3 0-0-0 14. Qd1 Qxd1+ 15. Rxd1 Na5 16. Nf3 Rde8 17. 0-0 Nc4 18. Bc1 c6 19. Nd2 Nxd2 20. Bxd2 Nf5 21. Bc1 Bc7 22. Na2 Re4 23. c3 Rhe8 24. Bd2 Nd6 25. b3 Kd7 26. Rfe1 a5 27. f3 Re2 28. Rxe2 Rxe2 29. Nc1 Re6 30. Re1 Rxe1+ 31. Bxe1 b5 32. Bd2 a4 33. Bf4 axb3 34. Nxb3 Nc4 35. Nc5+ Kc8 36. a4 Bxf4 37. gxf4 bxa4 38. Nxa4 Nd6 39. Kg2 Kd8 40. Kg3 Ke7 41. Kg4 f5+ 42. Kg3 Nb5 43. Kf2 Nc7 44. Ke3 Ne6 45. Nb2 Kd6 46. c4 Nc7 47. c5+ Kd7 48. Nd3 Ne6 49. Ne5+ Kc7 50. Nf7 h6 51. h4 h5 52. Ne5 g6 53. Nf7 Kb7 54. Ne5 Nf8 55. Kd3 Kc7 56. Kc3 Kb7 57. Kb4 Kc7 58. Ka4 Kb7 59. Ka5 Kc7 60. Ka6 Ne6 61. Nxg6 Nxd4 62. Ne5 Ne6 63. Nd3 Nd4 64. Ne1 Nb3 65. Nd3 d4 66. Ka7 Na5 67. Ka6 Nc4 68. Ne1 Nb2 69. Nc2 d3 70. Ne3 d2 71. Ka7 d1Q 72. Nxd1 Nxd1 73. Ka6 Ne3 74. Ka5 Ng2 75. Kb4 Nxh4 0-1

[Event "BRA-ch Amateur U1800"]
[Site "Sao Paulo"]
[Date "2016.05.28"]
[Round "6"]
[White "Da Silva, Gabriel Rodrigues"]
[Black "De Souza, Carlos Alberto"]
[Result "0-1"]
[WhiteElo "1213"]
[BlackElo "1645"]
[PlyCount "108"]
[EventDate "2016.05.26"]
[EventType "swiss"]
[EventRounds "7"]
[EventCountry "BRA"]
[SourceTitle "EXT 2019"]
[Source "ChessBase"]
[SourceDate "2018.10.10"]
[SourceVersion "1"]
[SourceVersionDate "2018.10.10"]
[SourceQuality "1"]

1. d4 d5 2. e3 Nf6 3. c4 c6 4. Nf3 Bg4 5. Nbd2 e6 6. c5 a5 7. h3 Bh5 8. Be2 Nbd7 9. 0-0 b6 10. cxb6 Qxb6 11. Qb3 a4 12. Qxb6 Nxb6 13. b3 Bb4 14. bxa4 Nxa4 15. a3 Bd6 16. Re1 0-0 17. Nf1 Nc3 18. N1d2 Nfe4 19. g4 Bg6 20. Bb2 Rfb8 21. Bxc3 Nxc3 22. Ne5 Rb2 23. Nxg6 Rxd2 24. Bf3 fxg6 25. Rec1 Ne4 26. Bxe4 dxe4 27. Rxc6 Rxa3 28. Rxa3 Bxa3 29. Rxe6 Kf7 30. Rxe4 Bd6 31. Kg2 Ra2 32. Kf3 Ra1 33. h4 Rh1 34. Ke2 Rxh4 35. f3 g5 36. d5 Rh2+ 37. Kd3 Rf2 38. Re6 Bb4 39. Ke4 Rc2 40. f4 gxf4 41. exf4 Re2+ 42. Kf5 g6+ 43. Kg5 Rxe6 44. dxe6+ Kxe6 45. f5+ Kf7 46. Kh6 Bd2+ 47. Kxh7 g5 48. Kh6 Kf6 49. Kh5 Ke5 50. Kg6 Kf4 51. Kh5 Bc3 52. Kg6 Kxg4 53. f6 Kh4 54. f7 Bb4 0-1

[Event "Sao Paulo Cordioli Memorial"]
[Site "Sao Paulo"]
[Date "2015.09.07"]
[Round "6"]
[White "Valente, Rodrigo de Deus"]
[Black "De Souza, Carlos Alberto"]
[Result "1-0"]
[WhiteElo "1955"]
[BlackElo "1800"]
[PlyCount "61"]
[EventDate "2015.09.05"]
[EventType "swiss"]
[EventRounds "6"]
[EventCountry "BRA"]
[SourceTitle "EXT 2024"]
[Source "ChessBase"]
[SourceDate "2023.10.10"]
[SourceVersion "1"]
[SourceVersionDate "2023.10.10"]
[SourceQuality "1"]

1. d4 d5 2. c4 c6 3. Nc3 Nf6 4. Nf3 g6 5. e3 Bg7 6. Bd3 0-0 7. h3 Re8 8. Qb3 e6 9. 0-0 Qc7 10. Bd2 Nbd7 11. Rac1 Qd6 12. Rfd1 b6 13. Bb1 Ba6 14. Qa4 Bb7 15. Be1 a6 16. Qb3 Rab8 17. Ne2 c5 18. Qa3 a5 19. b3 Ra8 20. Nc3 Bc6 21. Nb5 Bxb5 22. cxb5 Rac8 23. Bc3 Bf8 24. Qb2 Bg7 25. Ne5 Ne4 26. Bxe4 dxe4 27. dxc5 Qe7 28. Nxd7 Bxc3 29. Qxc3 Red8 30. Nf6+ Kg7 31. Nd5+ 1-0

[Event "Sao Paulo Cordioli Memorial"]
[Site "Sao Paulo"]
[Date "2015.09.05"]
[Round "2"]
[White "Jafet Junior, Carlos"]
[Black "De Souza, Carlos Alberto"]
[Result "1-0"]
[WhiteElo "1742"]
[BlackElo "1800"]
[PlyCount "87"]
[EventDate "2015.09.05"]
[EventType "swiss"]
[EventRounds "6"]
[EventCountry "BRA"]
[SourceTitle "EXT 2016"]
[Source "ChessBase"]
[SourceDate "2015.10.08"]
[SourceVersion "1"]
[SourceVersionDate "2015.10.08"]
[SourceQuality "1"]

1. e4 c5 2. d3 Nc6 3. Nf3 d6 4. g3 Nf6 5. Bg2 Bg4 6. h3 Bd7 7. 0-0 e5 8. Nc3 g6 9. Bg5 Bg7 10. Nd5 Be6 11. Qd2 Bxd5 12. exd5 Ne7 13. c4 h6 14. Be3 Qd7 15. Nh2 Nf5 16. Rab1 a5 17. b3 b5 18. a3 b4 19. axb4 axb4 20. Ra1 Rxa1 21. Rxa1 Qb7 22. g4 Nxe3 23. fxe3 g5 24. d4 e4 25. dxc5 dxc5 26. Ra5 Bf8 27. Qc2 Bd6 28. Nf1 0-0 29. Bxe4 Re8 30. Bf5 Qc7 31. Ra6 Kg7 32. Rc6 Qe7 33. Qf2 Qe5 34. Nd2 Ra8 35. Nf3 Ra1+ 36. Kg2 Qe7 37. e4 Qa7 38. e5 Ra2 39. exf6+ Kg8 40. Rc8+ Bf8 41. Nd2 Qb6 42. Bh7+ Kxh7 43. Qf5+ Kg8 44. Rxf8+ 1-0